000 00328nam a2200133Ia 4500
005 20251222141952.0
008 251222s9999||||xx |||||||||||||| ||spa||
020 _a950-12-213-7
082 _a372.83/A33
100 _aAisenberg, Beatriz
245 0 _aDidácticas de las Ciencias Sociales II:
264 _bPaidós
942 _cLIB
999 _c9717
_d9717